[Event "San Felipe FVA"]
[Site "San Felipe"]
[Date "2017.06.03"]
[Round "1.1"]
[White "Iglesias Salcedo, Sadid"]
[Black "Mendoza Sanchez, Enrique Rafael"]
[Result "0-1"]
[WhiteElo "1960"]
[BlackElo "1642"]
[PlyCount "76"]
[EventDate "2017.06.03"]
[EventType "swiss"]
[EventRounds "7"]
[EventCountry "VEN"]
[SourceTitle "EXT 2022"]
[Source "ChessBase"]
[SourceDate "2021.10.06"]
[SourceVersion "1"]
[SourceVersionDate "2021.10.06"]
[SourceQuality "1"]

1. Nc3 Nf6 2. e4 d6 3. d4 e6 4. Nf3 Be7 5. Be2 0-0 6. 0-0 a6 7. Bg5 Nbd7 8. e5 dxe5 9. dxe5 Nd5 10. Bxe7 Nxe7 11. Bd3 h6 12. Qe2 Nc5 13. Rad1 Nd5 14. Nxd5 exd5 15. b4 Nxd3 16. Qxd3 c6 17. Nd4 Bd7 18. f4 a5 19. f5 Qe7 20. Rde1 axb4 21. f6 Qc5 22. fxg7 Rfe8 23. Rf6 Re6 24. Kh1 Qc3 25. Qd1 Rxf6 26. exf6 c5 27. Nf3 Qxf6 28. Qxd5 Bc6 29. Qe5 Qxe5 30. Rxe5 b6 31. Ne1 Rxa2 32. Kg1 Ba4 33. Rd5 Bxc2 34. Rd8+ Kxg7 35. Rb8 b3 36. Rxb6 c4 37. Rb4 Bg6 38. h4 b2 0-1